Efecto del diferente manejo de los pastizales y del ganado sobre los escarabajos coprofagos Ataenius apicalis hinton y Ataenius sculptor Harold (Scarabaeidae: Aphodiinae: Eupariini) (Registro nro. 13334)
[ vista simple ]
| 000 -CABECERA | |
|---|---|
| Campo de control | 005660000a22001450004500 |
| 090 ## - CLASIFICACIÓN LOCAL | |
| Colección | AR |
| Consecutivo | 04237 |
| 041 0# - IDIOMA | |
| Código de idioma para texto/pista de sonido o título separado | |
| 100 1# - ASIENTO PRINCIPAL--NOMBRE PERSONAL | |
| Nombre personal | Martínez M., Imelda |
| 245 10 - MENCION DE TITULO | |
| Título | Efecto del diferente manejo de los pastizales y del ganado sobre los escarabajos coprofagos Ataenius apicalis hinton y Ataenius sculptor Harold (Scarabaeidae: Aphodiinae: Eupariini) |
| 500 ## - NOTA GENERAL | |
| Nota general | <Literatura de escarabajos coprófagos> |
| 700 1# - ASIENTO SECUNDARIO - NOMBRE PERSONAL | |
| Nombre personal | Cruz R., Magdalena |
| 700 1# - ASIENTO SECUNDARIO - NOMBRE PERSONAL | |
| Nombre personal | Lumaret, Jean Pierre |
| 773 1# - Item fuente: | |
| Título | Acta Zool. Mex. |
| Descripción física | 80 |
| Paginas del Articulo | 185-196 |
| Lugar, editorial y fecha de publicación | 2000 |
| 942 ## - ELEMENTOS ADICIONALES (KOHA) | |
| Tipo de ítem | Artículo |
| Withdrawn status | Lost status | Damaged status | No para préstamo | Colección | Ubicación Permanente | Ubicación actual | Fecha de adquisición | Fuente de Valor | Datos de publicación Seriada | Total Checkouts | Número topográfico | Inventario / Código de Barras | Date last seen | Ejemplar | Price effective from | Forma de adquisición | Tipo de material |
|---|---|---|---|---|---|---|---|---|---|---|---|---|---|---|---|---|---|
| No para Préstamo | Hemeroteca | Bogotá | Bogotá | 14/11/2006 | Trujillo, Diego | Fuera de circulación | AR 04237 | 023677 | 25/03/2015 | 1 | 25/03/2015 | Artículo | |||||
| No para Préstamo | Hemeroteca | Bogotá | Bogotá | 14/11/2006 | Trujillo, Diego | Fuera de circulación | AR 04237 | 023679 | 25/03/2015 | 1 | 25/03/2015 | Artículo |